000 00863nam a2200229Ia 4500
003 GCL
008 140319s9999 xx 000 0 ara d
040 _aGCL /
_cGCL
082 0 4 _a415.1
_bف ك
100 1 _aصبرى ابراهيم السيد
245 1 0 _aالكناش فى النحو والصرف /
_cصبرى ابراهيم السيد
700 1 _aابن كثير القرشى : عماد الدين ابوالفداء اسماعيل بن عمر بن كثير بن ضوء البصرى الدمشقى
700 1 _aعلى الكبيسى
700 1 _aعبدالعزيز مطر
260 _a[S.N] :
_bمركز الوثاثق والدراسات الانسانية ،
_c1993
300 _a656 ص
490 _a
650 0 4 _aالنحو
650 0 4 _aاللغة العربية
650 0 4 _aالمحولات الالكترونية
942 _2ddc
_cBK
999 _c29915
_d29915